书目信息 |
| 题名: |
小原流花道技法教程
|
|
| 作者: | 静香 著 | |
| 分册: | ||
| 出版信息: | 北京 化学工业出版社 2024.09 |
|
| 页数: | 188页 | |
| 开本: | 24cm | |
| 丛书名: | ||
| 单 册: | ||
| 中图分类: | J535.12(313) | |
| 科图分类: | ||
| 主题词: | 插花--装饰美术--日本--教材 | |
| 电子资源: | ||
| ISBN: | 978-7-122-46231-2 | |
| 000 | 00800nam0 2200229 450 | |
| 001 | 013150411 | |
| 005 | 20251022200000.39 | |
| 010 | @a978-7-122-46231-2@dCNY98.00 | |
| 100 | @a20240926d2024 em y0chiy0120 ea | |
| 101 | 0 | @achi |
| 102 | @aCN@b110000 | |
| 105 | @aa z 000yy | |
| 106 | @ar | |
| 200 | 1 | @a小原流花道技法教程@9xiao yuan liu hua dao ji fa jiao cheng@f静香著 |
| 210 | @a北京@c化学工业出版社@d2024.09 | |
| 215 | @a188页@c图,彩照@d24cm | |
| 330 | @a本书内容包括小原流花道的起源、历史,插花工具的使用方法,鲜花养护常识,以及基础花型“花意匠”和进阶花型“瓶花”“盛花”的设计要点和插制方法。 | |
| 606 | 0 | @a插花@x装饰美术@y日本@j教材 |
| 690 | @aJ535.12(313)@v5 | |
| 701 | 0 | @a静香@9jing xiang@c(女)@4著 |
| 801 | 0 | @aCN@c20250910 |
| 905 | @a河南城建学院图书馆@dJ535.12@eJ910@ZJ910@f1 | |
| 小原流花道技法教程/静香著.-北京:化学工业出版社,2024.09 |
| 188页:图,彩照;24cm |
| ISBN 978-7-122-46231-2:CNY98.00 |
| 本书内容包括小原流花道的起源、历史,插花工具的使用方法,鲜花养护常识,以及基础花型“花意匠”和进阶花型“瓶花”“盛花”的设计要点和插制方法。 |
| ● |
| 相关链接 |
|
|
|
正题名:小原流花道技法教程
索取号:J535.12/J910
 
预约/预借
| 序号 | 登录号 | 条形码 | 馆藏地/架位号 | 状态 | 备注 |
| 1 | 1635298 | 216352989 | 社科库309/309社科库 90排2列2层/ [索取号:J535.12/J910] | 在馆 |